[Event "Reykjavik Open 2016"]
[Site "Reykjavik ISL"]
[Date "2016.03.08"]
[Round "1.85"]
[White "Karlsson, Mikael Johann"]
[Black "Finnsson, Johann Arnar"]
[Result "1-0"]
[WhiteElo "2164"]
[BlackElo "1664"]
[WhiteFideId "2305194"]
[BlackFideId "2308240"]
[EventDate "2016.03.08"]

1. c4 g6 2. Nc3 Bg7 3. g3 d6 4. Bg2 Nf6 5. e4 Nbd7 6. Nge2 O-O 7. O-O e5 8. d3
c6 9. h3 Qc7 10. b4 a5 11. b5 c5 12. Be3 b6 13. Qd2 Bb7 14. Bh6 Ne8 15. Bxg7
Nxg7 16. g4 f5 17. gxf5 gxf5 18. f4 Rae8 19. Rad1 Qd8 20. Qe1 Qf6 21. fxe5 Qxe5
22. Qg3 fxe4 23. Bxe4 Bxe4 24. Qxe5 Rxf1+ 25. Kxf1 Rxe5 26. dxe4 Re6 27. Nf4 Rf6
28. Nd5 Rf7 29. Ke2 Ne5 30. Rc1 Rb7 31. Ne3 Ng6 32. Nfd5 Ne6 33. Nf5 Nef4+ 34.
Nxf4 Nxf4+ 35. Ke3 Nxh3 36. Rh1 Ng5 37. Rg1 h6 38. Nxh6+ Kg7 39. Nf5+ Kf6 40.
Nxd6 Rh7 41. Nc8 Rh3+ 42. Kf4 Rh4+ 43. Rg4 Rxg4+ 44. Kxg4 Nxe4 45. Kf4 Nc3 46.
Nxb6 Nxa2 47. Nd7+ Ke7 48. Nxc5 Nc3 49. Ke5 a4 50. Kd4 Ne2+ 51. Kd3 Nf4+ 52. Ke4
Ne6 53. Nxe6 Kxe6 54. Kd4 Kd6 55. c5+ 1-0

[Event "Reykjavik Open 2016"]
[Site "Reykjavik ISL"]
[Date "2016.03.08"]
[Round "1.86"]
[White "Hrafnsson, Hreinn"]
[Black "Sigeman, Johan"]
[Result "1/2-1/2"]
[WhiteElo "1651"]
[BlackElo "2164"]
[WhiteFideId "2304686"]
[BlackFideId "1705601"]
[EventDate "2016.03.08"]

1. Nf3 Nf6 2. d4 e6 3. c4 b6 4. g3 Ba6 5. Qc2 Bb4+ 6. Bd2 Qe7 7. Bg2 Bb7 8. a3
Bxd2+ 9. Nbxd2 c5 10. O-O cxd4 11. Nxd4 Bxg2 12. Kxg2 O-O 13. Rac1 Rc8 14. Qd3
Nc6 15. N2f3 Nxd4 16. Nxd4 d5 17. cxd5 exd5 18. Nf5 Qe5 19. Nd4 g6 20. Nc6 Qe6
21. Nd4 Qe5 22. Nc6 Qe6 1/2-1/2

[Event "Reykjavik Open 2016"]
[Site "Reykjavik ISL"]
[Date "2016.03.08"]
[Round "1.87"]
[White "Viglundsson, Bjorgvin"]
[Black "Norlander, Svante"]
[Result "1-0"]
[WhiteElo "2164"]
[BlackElo "1649"]
[WhiteFideId "2300400"]
[BlackFideId "1716930"]
[EventDate "2016.03.08"]

1. d4 d5 2. Nf3 Nf6 3. c4 dxc4 4. e3 c5 5. Bxc4 e6 6. O-O Nc6 7. Qe2 Qc7 8. Nc3
a6 9. a4 cxd4 10. exd4 Be7 11. Bg5 O-O 12. Rac1 Qa5 13. Rfd1 Nb4 14. Ne5 Nbd5
15. Qc2 h6 16. Bh4 Re8 17. Qb3 g5 18. Bg3 Nxc3 19. Rxc3 Nd5 20. Rf3 f5 21. Rxf5
exf5 22. Bxd5+ Kg7 23. Bxb7 Rf8 24. Nc6 1-0

[Event "Reykjavik Open 2016"]
[Site "Reykjavik ISL"]
[Date "2016.03.08"]
[Round "1.90"]
[White "O'Gorman, Alice"]
[Black "Kvamme, John A"]
[Result "0-1"]
[WhiteElo "1620"]
[BlackElo "2155"]
[WhiteFideId "2508214"]
[BlackFideId "1500562"]
[EventDate "2016.03.08"]

1. e4 c5 2. Nf3 Nc6 3. d4 cxd4 4. Nxd4 g6 5. Nc3 Bg7 6. Be3 Nf6 7. Be2 O-O 8.
Qd2 d5 9. exd5 Nb4 10. O-O Nbxd5 11. Nxd5 Nxd5 12. Rad1 Nxe3 13. Qxe3 Qb6 14. b3
e5 15. Nf3 Qxe3 16. fxe3 Bf5 17. c4 Rad8 18. Nh4 Bc2 19. Rd5 Be4 20. Rxd8 Rxd8
21. Bf3 Bxf3 22. Nxf3 e4 23. Ng5 f5 24. Ne6 Rd2 25. Nxg7 Kxg7 26. Rf2 Rd1+ 27.
Rf1 Rd3 28. c5 Rxe3 29. Rd1 Rd3 30. Rxd3 exd3 31. Kf2 Kf6 32. Ke3 Ke5 33. Kxd3
Kd5 34. b4 a5 35. a3 axb4 36. axb4 g5 37. g3 f4 38. gxf4 gxf4 39. h4 h5 40. Ke2
Kc4 41. Kf3 Kxb4 42. Kxf4 Kxc5 43. Kg5 b5 44. Kxh5 b4 45. Kg6 b3 46. h5 b2 47.
h6 b1=Q+ 48. Kg7 Qb7+ 49. Kh8 Qc8+ 50. Kh7 Qd7+ 51. Kh8 Qe8+ 52. Kg7 Qe7+ 53.
Kg8 Qg5+ 54. Kh7 Kd5 0-1

[Event "Reykjavik Open 2016"]
[Site "Reykjavik ISL"]
[Date "2016.03.08"]
[Round "1.91"]
[White "Fransson, Lennart"]
[Black "Kravchuk, Mykhaylo"]
[Result "1-0"]
[WhiteElo "2144"]
[BlackElo "1596"]
[WhiteFideId "1706756"]
[BlackFideId "2310007"]
[EventDate "2016.03.08"]

1. c4 e5 2. g3 Nf6 3. Bg2 Bc5 4. Nc3 O-O 5. e3 Nc6 6. Nge2 d6 7. d4 exd4 8. exd4
Bb6 9. O-O h6 10. a3 Ne7 11. Na4 c6 12. Nxb6 Qxb6 13. b4 d5 14. c5 Qd8 15. Nc3
Ng6 16. Qd3 Re8 17. Bd2 Qc7 18. a4 a6 19. b5 axb5 20. axb5 Be6 21. Rfe1 Qd7 22.
Qc2 Bf5 23. Qb3 Rxe1+ 24. Rxe1 Re8 25. Rxe8+ Qxe8 26. f3 Qd7 27. bxc6 bxc6 28.
Qb7 Qc8 29. Qxc8+ Bxc8 30. Bf1 Kf8 31. Na2 Bb7 32. Ba5 Ke7 33. Kf2 Nf8 34. Ke3
Ne6 35. Nb4 Kd7 36. Nd3 Ke7 37. Be2 Nd7 38. f4 f5 39. Nb4 Nb8 40. Bd3 g6 41. g4
Kf6 42. gxf5 gxf5 43. Bc2 Na6 44. Nd3 Nb8 45. Ne5 Nf8 46. Bd8+ Ke6 47. Bc7 Nbd7
48. Nf3 Ng6 49. Bd6 Nf6 50. h3 Ne4 51. Bb8 Ba6 52. Ba4 Bb7 53. Nd2 Nc3 54. Bc2
Ne4 55. Nxe4 fxe4 56. Bd1 Kf6 57. Be5+ Kf7 58. f5 Ne7 59. Kf4 Bc8 60. Bh5+ Kg8
61. f6 Nf5 62. Be8 Be6 63. Bxc6 Kf7 64. Bb5 e3 65. c6 Bc8 66. c7 1-0

[Event "Reykjavik Open 2016"]
[Site "Reykjavik ISL"]
[Date "2016.03.08"]
[Round "1.92"]
[White "Hjaltalin, Thor"]
[Black "Christensen, Janus"]
[Result "0-1"]
[WhiteElo "1580"]
[BlackElo "2136"]
[WhiteFideId "2310813"]
[BlackFideId "1408402"]
[EventDate "2016.03.08"]

1. d4 e6 2. Nf3 f5 3. c4 Nf6 4. Nc3 Bb4 5. a3 Bxc3+ 6. bxc3 d6 7. e3 O-O 8. Bd3
Qe8 9. Nd2 Qg6 10. O-O e5 11. f4 Nc6 12. Qe1 Bd7 13. Qg3 Qxg3 14. hxg3 Ng4 15.
Nb3 Rae8 16. Be2 Nxe3 17. Bh5 Nxf1 18. Bxe8 Rxe8 19. Kxf1 exd4 20. cxd4 Re4 21.
Bb2 Re3 22. Nd2 Rxg3 23. Nf3 Na5 24. Rc1 Nxc4 25. Kf2 Rxf3+ 26. Kxf3 Bc6+ 27.
Ke2 Nxb2 28. Rc2 Nc4 29. Rc3 b5 30. g3 a5 31. Kd1 Bd5 32. Kc1 Kf7 33. Rb3 c6 34.
Rc3 c5 35. dxc5 dxc5 36. Rd3 Ke6 37. Rb3 b4 38. axb4 axb4 39. Rd3 Nd6 40. Kb2 c4
41. Re3+ Ne4 42. Kc2 b3+ 43. Kc1 c3 44. Re1 Kd6 45. Re3 b2+ 46. Kb1 Nd2+ 0-1

[Event "Reykjavik Open 2016"]
[Site "Reykjavik ISL"]
[Date "2016.03.08"]
[Round "1.93"]
[White "Riccardi, Thomas"]
[Black "Halldorsson, Haukur"]
[Result "1-0"]
[WhiteElo "2135"]
[BlackElo "1570"]
[WhiteFideId "2025973"]
[BlackFideId "2305089"]
[EventDate "2016.03.08"]

1. e4 c5 2. Nf3 Nc6 3. Bb5 Qc7 4. c3 a6 5. Ba4 b5 6. Bc2 d6 7. O-O Bg4 8. h3
Bxf3 9. Qxf3 e5 10. a4 b4 11. d3 g6 12. Nd2 Bg7 13. Nc4 a5 14. Bb3 Nf6 15. Bg5
Qd8 16. Ne3 h6 17. Bd5 Rc8 18. Bxf6 Qxf6 19. Qxf6 Bxf6 20. Nc4 Be7 21. Bxc6+
Rxc6 22. Nxa5 Rc8 23. cxb4 cxb4 24. Rfc1 O-O 25. Rc4 Rxc4 26. Nxc4 Rd8 27. a5
Ra8 28. a6 f6 29. Nb6 1-0

[Event "Reykjavik Open 2016"]
[Site "Reykjavik ISL"]
[Date "2016.03.08"]
[Round "1.95"]
[White "Edel, Thomas"]
[Black "Jonasson, Hordur"]
[Result "1-0"]
[WhiteElo "2127"]
[BlackElo "1536"]
[WhiteFideId "24653233"]
[BlackFideId "2311224"]
[EventDate "2016.03.08"]

1. d4 Nf6 2. Nf3 g6 3. e3 Bg7 4. c4 d6 5. Be2 O-O 6. O-O b6 7. Nc3 Bb7 8. Qc2
Nbd7 9. Rd1 Re8 10. e4 e5 11. d5 h6 12. h3 a5 13. Be3 Nc5 14. a3 Bc8 15. b4 Nb7
16. Ne1 Nd7 17. Rdc1 Nb8 18. Nd3 Na6 19. Na4 f5 20. f3 f4 21. Bf2 Qg5 22. Kf1
Bd7 23. c5 Bxa4 24. Qxa4 axb4 25. axb4 bxc5 26. Qc6 Nd8 1-0

[Event "Reykjavik Open 2016"]
[Site "Reykjavik ISL"]
[Date "2016.03.08"]
[Round "1.96"]
[White "Ragnarsson, Heimir Pall"]
[Black "Baldursson, Hrannar"]
[Result "1/2-1/2"]
[BlackTitle "AGM"]
[WhiteElo "1527"]
[BlackElo "2124"]
[WhiteFideId "2308860"]
[BlackFideId "2301156"]
[EventDate "2016.03.08"]

1. c4 Nf6 2. g3 g6 3. Bg2 Bg7 4. Nc3 O-O 5. Nf3 c6 6. O-O d5 7. cxd5 cxd5 8. d4
Nc6 9. Qb3 Na5 10. Qd1 Bf5 11. Bf4 Qb6 12. Ne5 Rfd8 13. Qd2 Rac8 14. Na4 Qb5 15.
Nc5 Ne4 16. Nxe4 dxe4 17. a4 Qd5 18. Qb4 f6 19. Nd3 Qxd4 20. Qxa5 exd3 21. exd3
Bxd3 22. Rfd1 b6 23. Qxa7 e5 24. Be3 Qxb2 25. Qxb6 Qxb6 26. Bxb6 Rd6 27. a5 f5
28. Bb7 Re8 29. Ba6 e4 30. Ra2 Bd4 31. Bxd3 exd3 32. Bxd4 Rxd4 33. a6 Kg7 34.
Rad2 Red8 35. a7 Ra8 36. Rxd3 Rxd3 37. Rxd3 Rxa7 38. Kg2 Kf6 39. h3 g5 40. Rb3
Ra6 41. Rb4 h5 42. h4 g4 43. Rb8 Kg7 44. Rb5 Kg6 45. Rb8 f4 46. gxf4 Ra4 47.
Rb6+ Kh7 48. Rb5 Kg6 49. Rg5+ Kh6 50. f5 Rf4 51. Rg6+ Kh7 52. Rg5 1/2-1/2

[Event "Reykjavik Open 2016"]
[Site "Reykjavik ISL"]
[Date "2016.03.08"]
[Round "1.97"]
[White "Bruun, Henrik Emil"]
[Black "Lemery, Jon Thor"]
[Result "1-0"]
[WhiteElo "2123"]
[BlackElo "1495"]
[WhiteFideId "1410334"]
[BlackFideId "2313499"]
[EventDate "2016.03.08"]

1. e4 d5 2. exd5 Nf6 3. d4 Nxd5 4. c4 Nb6 5. c5 Nd5 6. Bc4 c6 7. Nf3 Bg4 8. O-O
e6 9. Nc3 Nd7 10. Nxd5 exd5 11. Bd3 Be7 12. h3 Bh5 13. Re1 O-O 14. Bf4 Nf6 15.
g4 Bg6 16. Qc2 Bxd3 17. Qxd3 Ne4 18. Nd2 Nxd2 19. Qxd2 Qd7 20. Re3 Bf6 21. Be5
Bxe5 22. Rxe5 Rae8 23. Rae1 Rxe5 24. Rxe5 f6 25. Re3 a6 26. Qe2 Kf7 27. f4 g6
28. Kf2 Qc7 29. Kf3 Qd7 30. Qd3 Re8 31. Ke2 Rxe3+ 32. Qxe3 Qc7 33. b4 Qd7 34.
Kd3 Qc8 35. Kc3 h6 36. Kb3 Qd7 37. Ka4 Qc8 38. f5 g5 39. h4 Qe8 40. Qxe8+ Kxe8
41. h5 Kd7 42. Ka5 Kd8 43. Kb6 Kc8 44. a4 Kb8 45. b5 axb5 46. axb5 cxb5 47. Kxb5
Kc7 48. Kb4 Kd7 49. Ka4 Kc6 50. Ka5 Kc7 51. Kb5 Kd7 52. Kb6 Kc8 53. c6 bxc6 54.
Kxc6 Kd8 55. Kd6 1-0

[Event "Reykjavik Open 2016"]
[Site "Reykjavik ISL"]
[Date "2016.03.08"]
[Round "1.98"]
[White "Kristjansson, Hjortur"]
[Black "Lindsoe, Fredrik Aunan"]
[Result "0-1"]
[WhiteElo "1488"]
[BlackElo "2112"]
[WhiteFideId "2315076"]
[BlackFideId "1506560"]
[EventDate "2016.03.08"]

1. d4 Nf6 2. c4 c5 3. d5 b5 4. cxb5 a6 5. bxa6 g6 6. Nc3 Bxa6 7. e4 Bxf1 8. Kxf1
d6 9. Nf3 Bg7 10. g3 O-O 11. Kg2 Nbd7 12. Qc2 Qb6 13. Re1 Rfb8 14. Re2 Qa6 15.
h3 Rb4 16. Nd2 Rab8 17. Nb3 Rxb3 18. axb3 Qxa1 19. Na4 Nb6 20. Re3 Qa2 21. f4
Nfd7 22. f5 c4 23. Nxb6 Nxb6 24. bxc4 Qxc4 25. Qd1 Rc8 26. Re2 Qxc1 0-1

[Event "Reykjavik Open 2016"]
[Site "Reykjavik ISL"]
[Date "2016.03.08"]
[Round "1.99"]
[White "Darnell, Anton"]
[Black "Tan, Teck Woon"]
[Result "1/2-1/2"]
[WhiteElo "2110"]
[BlackElo "1488"]
[WhiteFideId "1720244"]
[BlackFideId "5813522"]
[EventDate "2016.03.08"]

1. d4 Nf6 2. Bg5 e6 3. e4 h6 4. Bxf6 Qxf6 5. c3 c5 6. Nf3 b6 7. e5 Qd8 8. d5
exd5 9. Qxd5 Nc6 10. Bc4 Qe7 11. Nbd2 Bb7 12. Ne4 Qe6 13. O-O-O O-O-O 14. Rhe1
Na5 15. Qxb7+ Nxb7 16. Bxe6 dxe6 17. h4 Be7 18. h5 Kc7 19. Kc2 c4 20. Nd4 a6 21.
f4 Rhe8 22. g4 Nc5 23. Nxc5 Bxc5 24. f5 Bxd4 25. cxd4 Rd5 26. Rf1 f6 27. exf6
gxf6 28. fxe6 Rxe6 29. Rf4 b5 30. Rd2 Kc6 31. Rdf2 Rdd6 32. d5+ Kxd5 33. Rf5+
Kc6 34. a4 1/2-1/2

[Event "Reykjavik Open 2016"]
[Site "Reykjavik ISL"]
[Date "2016.03.08"]
[Round "1.100"]
[White "Kvamme, Ingrid Jodre"]
[Black "Jameson, David"]
[Result "0-1"]
[WhiteElo "1473"]
[BlackElo "2103"]
[WhiteFideId "1516981"]
[BlackFideId "1801538"]
[EventDate "2016.03.08"]

1. Nf3 d5 2. c4 d4 3. d3 Nc6 4. g3 e5 5. Bg2 Nf6 6. O-O Bd6 7. e3 O-O 8. exd4
exd4 9. Bg5 Bf5 10. a3 a5 11. Re1 h6 12. Bxf6 Qxf6 13. Qc2 Rad8 14. Nbd2 g5 15.
Ne4 Qg6 16. Rad1 Rfe8 17. Nxd6 Qxd6 18. Nd2 Qg6 19. Ne4 Kg7 20. Qd2 Ne5 21. Nc5
Bg4 22. Rb1 Nf3+ 23. Bxf3 Bxf3 24. h4 Qf5 0-1

[Event "Reykjavik Open 2016"]
[Site "Reykjavik ISL"]
[Date "2016.03.08"]
[Round "1.101"]
[White "Amos, Frank"]
[Black "Sigurvaldason, Hjalmar"]
[Result "1-0"]
[WhiteElo "2101"]
[BlackElo "1426"]
[WhiteFideId "4635442"]
[BlackFideId "2306018"]
[EventDate "2016.03.08"]

1. e4 Nf6 2. e5 Nd5 3. Nc3 Nxc3 4. dxc3 Nc6 5. Nf3 d6 6. Bc4 e6 7. Bf4 Be7 8.
Bb5 a6 9. Bd3 dxe5 10. Nxe5 Nxe5 11. Bxe5 Bf6 12. Qe2 Bxe5 13. Qxe5 O-O 14.
O-O-O Qe7 15. f4 b5 16. Qe4 1-0

[Event "Reykjavik Open 2016"]
[Site "Reykjavik ISL"]
[Date "2016.03.08"]
[Round "1.102"]
[White "Davidsson, Joshua"]
[Black "Santeramo, Alessia"]
[Result "0-1"]
[BlackTitle "WFM"]
[WhiteElo "1411"]
[BlackElo "2095"]
[WhiteFideId "2311631"]
[BlackFideId "850810"]
[EventDate "2016.03.08"]

1. e4 e5 2. Nc3 Nf6 3. d3 Bc5 4. g3 d6 5. Nf3 Nc6 6. Bg2 a6 7. a4 Be6 8. O-O Qd7
9. Be3 Bh3 10. d4 exd4 11. Bxd4 Nxd4 12. Nxd4 Bxg2 13. Kxg2 O-O-O 14. Qd3 h5 15.
h4 Ng4 16. Rab1 g5 17. Nf5 gxh4 18. Nxh4 Rdg8 19. b4 Ba7 20. a5 Qd8 21. Qd5 Bxf2
22. Qf5+ Kb8 23. Rxf2 Ne3+ 24. Kh2 Nxf5 25. exf5 Rg4 26. Rg1 Rhg8 27. Rgg2 Rxg3
28. Rxg3 Qxh4+ 29. Kg1 Qxg3+ 30. Kh1 Qg1# 0-1

[Event "Reykjavik Open 2016"]
[Site "Reykjavik ISL"]
[Date "2016.03.08"]
[Round "1.104"]
[White "Kristjansson, Halldor Atli"]
[Black "Thorhallsson, Simon"]
[Result "0-1"]
[WhiteElo "1346"]
[BlackElo "2092"]
[WhiteFideId "2310988"]
[BlackFideId "2310090"]
[EventDate "2016.03.08"]

1. d4 Nf6 2. c4 e6 3. Nf3 c5 4. e3 cxd4 5. exd4 Bb4+ 6. Nc3 O-O 7. Be2 d6 8. O-O
Bxc3 9. bxc3 Nbd7 10. Bg5 h6 11. Bh4 Qc7 12. Qd3 b6 13. Rac1 Ba6 14. Bg3 e5 15.
Nd2 Rac8 16. Qe3 Rfe8 17. Qf3 Nf8 18. Rfe1 Ne6 19. dxe5 dxe5 20. Bf1 Nc5 21. Qf5
Qd7 22. Qxd7 Nfxd7 23. Nb3 f6 24. Red1 Nf8 25. Rd5 Na4 26. c5 Bxf1 27. Kxf1 bxc5
28. f3 Red8 29. Rxd8 Rxd8 30. Bf2 Ne6 31. Ke2 Kf7 32. Na5 Nf4+ 33. Kf1 Rd2 34.
Nb3 Rxa2 0-1

[Event "Reykjavik Open 2016"]
[Site "Reykjavik ISL"]
[Date "2016.03.08"]
[Round "1.106"]
[White "Thorsteinsdottir, Svava"]
[Black "Dietzsch, Herbert"]
[Result "0-1"]
[WhiteElo "1332"]
[BlackElo "2090"]
[WhiteFideId "2310686"]
[BlackFideId "4608364"]
[EventDate "2016.03.08"]

1. d4 Nf6 2. c4 e6 3. Nc3 d5 4. Bg5 Nbd7 5. e3 c6 6. Nf3 Qa5 7. a3 Ne4 8. Qc1
Nxg5 9. Nxg5 dxc4 10. Ne4 b5 11. Be2 Be7 12. O-O O-O 13. Qc2 Bb7 14. Bf3 Qc7 15.
Rfd1 a6 16. Rd2 Rad8 17. Rad1 Nf6 18. Na2 c5 19. Nxf6+ Bxf6 20. Bxb7 Qxb7 21.
dxc5 Rxd2 22. Rxd2 Qc7 23. b4 cxb3 24. Qxb3 Qxc5 25. h3 Rd8 26. Rc2 Rd1+ 27. Kh2
Qd6+ 28. g3 g6 29. Rc8+ Kg7 30. Nc3 Rd3 31. Nxb5 axb5 32. Qxb5 Qd7 33. Qxd7 Rxd7
34. Ra8 Be7 35. Kg2 Bc5 36. Kf3 Ra7 37. Rxa7 Bxa7 38. a4 Kf6 39. Ke4 h5 40. a5
Ke7 41. Ke5 f6+ 42. Ke4 Kd6 43. Kf4 Kd5 44. g4 g5+ 45. Kg3 h4+ 46. Kf3 e5 47. a6
e4+ 48. Ke2 Kc4 49. f4 exf3+ 50. Kxf3 Kd3 51. e4 Kd4 52. Kf2 Kxe4+ 53. Ke2 Kf4
54. Kd3 Kg3 0-1

[Event "Reykjavik Open 2016"]
[Site "Reykjavik ISL"]
[Date "2016.03.08"]
[Round "1.107"]
[White "Arnarsson, Hrannar"]
[Black "Gislason, Jason Andri"]
[Result "1-0"]
[WhiteElo "2089"]
[BlackElo "1319"]
[WhiteFideId "2301121"]
[BlackFideId "2311283"]
[EventDate "2016.03.08"]

1. e4 e5 2. f4 d5 3. exd5 exf4 4. Nf3 Nf6 5. Nc3 Nxd5 6. Bc4 Nxc3 7. bxc3 Bd6 8.
O-O O-O 9. d4 c5 10. a4 Qa5 11. Qd3 Nc6 12. Ng5 g6 13. Nxf7 Rxf7 14. Bxf7+ Kxf7
15. Bxf4 Bxf4 16. Rxf4+ Bf5 17. g4 Kg7 18. gxf5 cxd4 19. fxg6 hxg6 20. cxd4 Re8
21. Raf1 Re7 22. d5 Qc5+ 23. Kh1 Rd7 24. c4 Nd8 25. Qc3+ Kg8 26. Qf6 1-0

[Event "Reykjavik Open 2016"]
[Site "Reykjavik ISL"]
[Date "2016.03.08"]
[Round "1.108"]
[White "Magnusson, Thorsteinn"]
[Black "Thorhallsson, Gylfi"]
[Result "0-1"]
[WhiteElo "1314"]
[BlackElo "2089"]
[WhiteFideId "2310287"]
[BlackFideId "2300800"]
[EventDate "2016.03.08"]

1. d4 Nf6 2. Nf3 g6 3. Bf4 d6 4. e3 Bg7 5. h3 O-O 6. Nbd2 Nbd7 7. Bc4 c6 8. c3
Nd5 9. Bh2 b5 10. Bxd5 cxd5 11. Qb3 Nb6 12. Qxb5 a5 13. e4 Ba6 14. Qb3 dxe4 15.
Nxe4 Rb8 16. Qc2 Qc8 17. Nxd6 exd6 18. Bxd6 Qe6+ 19. Be5 f6 20. Qe4 fxe5 21.
dxe5 Nd5 22. c4 Nf6 23. Qh4 Bxc4 24. Rc1 Ba6 25. Rc5 Nh5 26. Rxa5 Rf4 27. Ng5
Qc4 0-1

[Event "Reykjavik Open 2016"]
[Site "Reykjavik ISL"]
[Date "2016.03.08"]
[Round "1.109"]
[White "Hoogland, Mike"]
[Black "Johannsson, Birkir Isak"]
[Result "1-0"]
[WhiteElo "2087"]
[BlackElo "1303"]
[WhiteFideId "1025350"]
[BlackFideId "2314673"]
[EventDate "2016.03.08"]

1. d4 d5 2. c4 c6 3. Nf3 Nf6 4. Nc3 e6 5. e3 Nbd7 6. Qc2 Bd6 7. Bd3 dxc4 8. Bxc4
b5 9. Bd3 a6 10. O-O Bb7 11. a3 c5 12. Ne4 Bxe4 13. Bxe4 Nxe4 14. Qxe4 Nf6 15.
Qc6+ Ke7 16. dxc5 Bc7 17. b4 Qd7 18. Qxd7+ Kxd7 19. Rd1+ Ke7 20. Bb2 Rhd8 21.
Be5 Bxe5 22. Nxe5 Ke8 23. Kf1 Nd5 24. Rd3 f6 25. Nc6 Rdc8 26. Na5 Rc7 27. e4 Ne7
28. Rd6 e5 29. Rad1 Raa7 30. Rd8+ Kf7 31. R1d6 h6 32. g3 Nc8 33. Rd2 Ke6 34. f4
exf4 35. gxf4 Ne7 36. R2d6+ Kf7 37. Ke2 Nc8 38. Rd2 Ne7 39. Ke3 Nc6 40. Nxc6
Rxc6 41. R2d7+ Rxd7 42. Rxd7+ Kg6 43. Kd4 a5 44. Kd5 1-0

[Event "Reykjavik Open 2016"]
[Site "Reykjavik ISL"]
[Date "2016.03.08"]
[Round "1.110"]
[White "Birkisdottir, Freyja"]
[Black "Lien, Kjell Hakon"]
[Result "0-1"]
[WhiteElo "1246"]
[BlackElo "2083"]
[WhiteFideId "2311860"]
[BlackFideId "1510444"]
[EventDate "2016.03.08"]

1. c4 Nf6 2. g3 e6 3. Nc3 d5 4. cxd5 exd5 5. d4 Bd6 6. Bg2 c6 7. Nf3 h6 8. Bd2
Bf5 9. e3 Nbd7 10. a3 Bd3 11. Bc1 Ba6 12. Nd2 O-O 13. Bf1 Bxf1 14. Rxf1 Re8 15.
Nb3 a5 16. Bd2 a4 17. Nc1 b5 18. Nd3 Qb6 19. b4 axb3 20. Qxb3 Qxd4 21. Nb2 Qb6
22. h4 d4 23. Ncd1 c5 24. Qd3 c4 25. Qe2 Rxa3 26. Rxa3 Bxa3 27. Bc1 Bb4+ 28. Bd2
c3 29. Bxc3 dxc3 30. Qc2 cxb2+ 31. Ke2 Qe6 32. Nxb2 Ne5 33. Rd1 Qg4+ 34. Kf1 Qf3
35. Nd3 Rd8 36. Nb2 Rxd1+ 37. Nxd1 Nc4 38. Kg1 Qe4 39. Qb3 Ne5 40. Kf1 Qc4+ 41.
Qxc4 bxc4 42. f4 c3 43. Nxc3 Bxc3 44. fxe5 Bxe5 45. Ke2 Bxg3 46. h5 Nxh5 47. Kf3
Bb8 48. Ke4 g6 49. Kf3 f5 50. e4 fxe4+ 51. Kxe4 g5 52. Kf5 Kg7 53. Kg4 Nf6+ 54.
Kh3 g4+ 55. Kg2 Nh5 56. Kg1 Nf4 57. Kh1 g3 58. Kg1 Ba7+ 59. Kf1 g2+ 60. Ke1
g1=Q+ 61. Kd2 Qe3+ 62. Kc2 Qd3+ 63. Kb2 Bd4+ 64. Kc1 Ne2# 0-1

[Event "Reykjavik Open 2016"]
[Site "Reykjavik ISL"]
[Date "2016.03.08"]
[Round "1.112"]
[White "Kristofersson, Sindri Snaer"]
[Black "Lochte, Thomas"]
[Result "0-1"]
[WhiteElo "1212"]
[BlackElo "2067"]
[WhiteFideId "2310732"]
[BlackFideId "4606272"]
[EventDate "2016.03.08"]

1. e4 e5 2. Nf3 Nc6 3. Bb5 a6 4. Bxc6 dxc6 5. d4 exd4 6. Nxd4 Nf6 7. Nc3 c5 8.
Nf3 Qxd1+ 9. Kxd1 Bg4 10. Bg5 O-O-O+ 11. Ke1 Be7 12. Ne5 Bh5 13. g4 Bg6 14. f4
Rhe8 15. f5 Nxe4 16. Bf4 Nxc3 17. bxc3 Bf6 18. fxg6 hxg6 19. h4 Bxe5 20. Bxe5
Rxe5+ 21. Kf1 Rd2 22. Rc1 Ree2 23. Rg1 Rxc2 24. Rxc2 Rxc2 25. Rg3 Rxa2 26. h5
Rc2 27. Ke1 Kd7 28. Kd1 Rh2 29. hxg6 fxg6 30. Rf3 Rg2 31. Rf7+ Kc6 32. Rxg7 Rxg4
33. Kd2 Rg3 0-1

[Event "Reykjavik Open 2016"]
[Site "Reykjavik ISL"]
[Date "2016.03.08"]
[Round "1.115"]
[White "Diaz, Franck"]
[Black "Kristbergsson, Bjorgvin"]
[Result "1-0"]
[WhiteElo "2060"]
[BlackElo "1100"]
[WhiteFideId "639125"]
[BlackFideId "2305232"]
[EventDate "2016.03.08"]

1. e4 c5 2. Nf3 Nc6 3. d4 cxd4 4. Nxd4 e6 5. Nc3 a6 6. Be3 h6 7. Be2 Nf6 8. O-O
Bb4 9. Nxc6 bxc6 10. e5 Nd5 11. Nxd5 cxd5 12. Qd4 Be7 13. Qg4 g6 14. Bd3 h5 15.
Qg3 g5 16. f4 g4 17. Qf2 Qc7 18. Rac1 h4 19. Bd4 g3 20. hxg3 hxg3 21. Qxg3 Bh4
22. Qg7 Rf8 23. c3 Bb7 24. Qg4 Rh8 25. Qe2 Ke7 26. Qe3 Rag8 27. Rf3 Ke8 28. Rh3
Bf2+ 29. Kxf2 Rxh3 30. Qxh3 Qd8 31. Qh7 Rf8 32. Bc5 d6 33. Bxd6 Qb6+ 34. Ke2
Qxb2+ 35. Rc2 Qb1 36. Qh4 f6 37. Bxf8 Kxf8 38. Qxf6+ Ke8 1-0

[Event "Reykjavik Open 2016"]
[Site "Reykjavik ISL"]
[Date "2016.03.09"]
[Round "2.1"]
[White "Skousen, Nikolai"]
[Black "Mamedyarov, Shakhriyar"]
[Result "0-1"]
[WhiteTitle "FM"]
[BlackTitle "GM"]
[WhiteElo "2294"]
[BlackElo "2747"]
[WhiteFideId "1401432"]
[BlackFideId "13401319"]
[EventDate "2016.03.08"]

1. Nf3 d5 2. g3 Nc6 3. d4 Bg4 4. Nbd2 Qd7 5. h3 Bf5 6. c3 e5 7. dxe5 f6 8. exf6
Nxf6 9. Bg2 Bd6 10. Nb3 O-O 11. Nbd4 Nxd4 12. Nxd4 Be4 13. Nf3 Rae8 14. O-O h6
15. Bd2 Bf5 16. Kh2 g5 17. h4 Qf7 18. Rh1 Bc5 19. Be1 gxh4 20. gxh4 Kh8 21. Kg1
Rg8 22. Kf1 Be4 23. Rh3 Nh5 24. Bd2 Qg6 25. Ng5 Bxg2+ 26. Kxg2 hxg5 27. hxg5 Kg7
28. Qa4 Rxe2 29. Qd7+ Qf7 30. Qxf7+ Kxf7 31. Rxh5 Rxd2 0-1